| 000 | 00747cam a22002052 4500 | ||
|---|---|---|---|
| 001 | 0000001443 | ||
| 005 | 20151217151817.0 | ||
| 008 | 070312s xx 000 0 eng d | ||
| 020 |
_a0880115599 : _cGBP 45.00 |
||
| 040 |
_aKABU _cKABU |
||
| 050 | 0 |
_aGV428.5 _b.H43 |
|
| 245 | 1 | 0 |
_aHealth fitness management : _ba comprehensive resoure for managing and operating programs and facilities / _cWilliam C. Grantham ... [et al.] |
| 260 |
_aChampaing, IL. : _bHuman Kinetics, _cc 1998. |
||
| 300 |
_axvi, 527 p. : _bill. ; _c29 cm. |
||
| 650 | 0 |
_aPhysical fitness centres _zUnited States _xManagement. _@0000150206 |
|
| 700 | 1 |
_aGrantham, William C. _@0000150207 |
|
| 908 | _a070312 | ||
| 950 | _@1 | ||
| 999 |
_c5264 _d5264 |
||